| 000 | 02152cam a22005534i 4500 | ||
|---|---|---|---|
| 003 | PE-LiUPU | ||
| 005 | 20250731180134.0 | ||
| 008 | 150625s r 000 0 d | ||
| 020 | _a958975869 x | ||
| 035 | _a(Sirsi) i958975869 | ||
| 040 |
_aPE-LiUPU _bspa _cPE-LiUPU _erda |
||
| 049 | _aPRUA | ||
| 082 | 0 | 4 |
_a546 _bV66 _221 |
| 100 | 1 |
_aVilla Gerley, María Rocío, _eautor. |
|
| 245 | 1 | 0 |
_aManual de prácticas : _bQuímica inorgánica / _cMaría Rocía Villa Gerley, José Ignacio Aguilar Rodríguez . |
| 264 | 1 |
_aMedellín : _bUniversidad de Medellín, _c2005. |
|
| 300 |
_a120 páginas : _bilustraciones ; _c27 centímetros |
||
| 336 |
_atext _2rdacontent |
||
| 337 |
_aunmediated _2rdamedia |
||
| 338 |
_avolume _2rdacarrier |
||
| 504 | _aBibliografía al final del texto. | ||
| 505 | 0 | _aSoluciones. - Factores que afectan la solubilidad. -Preparación de soluciones a partir de sólidos . -Electrolitos. -Propiedades coligativas de las soluciones. -Equilibrio químico y principios de le chatelier. -Estandarización de soluciones. -Análisis Ácidos-Base. -Cinética química- factores que afectan la velocidad de una reacción. | |
| 526 | _aSEG44 | ||
| 526 | _aSEG26 | ||
| 526 | _aP159 | ||
| 526 | _aP155 | ||
| 526 | _aP154 | ||
| 526 | _aP153 | ||
| 526 | _aP150 | ||
| 526 | _aP100 | ||
| 526 | _aP31 | ||
| 526 | _aP30 | ||
| 526 | _aP26 | ||
| 526 | _aP25 | ||
| 526 | _aP24 | ||
| 526 | _aP22 | ||
| 526 | _aP15 | ||
| 526 | _aP10 | ||
| 541 | _g001-027184; | ||
| 650 | 0 | 4 | _aLaboratorios de química. |
| 650 | 0 | 4 |
_aQuímica inorgánica _xEnseñanza. |
| 700 | 1 |
_aAguilar Rodríguez, Jairo Ignacio, _eautor. |
|
| 910 | _a | ||
| 942 |
_2ddc _cBOOK |
||
| 949 |
_a546 V66 _wDEWEY _c1 _i57576 _lCCODEBUL1 _mBUL _p11.00 _r0 _sY _tBOOK _u2015-6-25 _xEDUCACION _PP20 _0COMPRA _o.STAFF. Colección General |
||
| 994 |
_aC0 _bPEPRU |
||
| 596 | _a1 | ||
| 999 |
_a546 V66 _wDEWEY _c46598 _i57576 _d46598 _f2021-11-5 _g5 _lCCODEBUL1 _mBUL _p11.00 _q3 _r0 _sN _tBOOK _u2015-6-25 _xBIBLIOTECA _PP20 _0COMPRA _o.STAFF. Colección General |
||
| 980 |
_81 _gALBERTO SANCHEZ Responsable de Automatización |
||